Top 15 Countries with Covid-19 Cases - 27 June - Statistics

General Stats
  • This quiz has been taken 29 times
  • The average score is 14 of 26
Answer Stats
country % Correct
United States
100%
United Kingdom
97%
Russia
93%
Brazil
90%
Germany
90%
India
86%
Italy
79%
Mexico
76%
Spain
76%
Belgium
62%
Iran
62%
Turkey
59%
Chile
52%
Chile
52%
Pakistan
52%
Peru
52%
Sweden
41%
Saudi Arabia
38%
Qatar
24%
Singapore
24%
Belarus
21%
Bahrain
17%
Kuwait
17%
Oman
14%
Panama
14%
Armenia
10%
No matching quizzes found
Score Distribution
Percent of People with Each Score
Percentile by Number Answered
Your Score History
You have not taken this quiz